000 00759nam a2200193 i 4500
001 154254
003 ES-MaACL
005 20260315185733.0
008 931025s1871 po |||| | por d
100 1 _aGarrett, Almeida.
_955660
245 1 2 _aO arco de Sanct'Anna
_b: chronica portuense... /
_cV. de Almeida-Garrett.
250 _a4ª ed.
260 _aLisboa :
_b[s.n.],
_c1871 (
_fImprensa Nacional)
300 _a220 p. ;
_c17 cm.
490 1 _aObras do Visconde de Almeida-Garrett ;
_v11. Do Arco ; 1
830 0 _aObras do Visconde de Almeida-Garrett
_v11. Do Arco ; 1
_9187864
852 _aES-MaACL
_jG-8622-23
_z-- Enc. pasta española
_x-- Edic.: 2 v. (220; 294 p.) -- El segundo tomo está descrito en CCPB00008550-2
999 _c154254
_d154254